| 000 | 00373 a2200109 4500 | ||
|---|---|---|---|
| 001 | ART_46488 | ||
| 005 | 20260410161808.0 | ||
| 008 | 260409a | ||
| 245 | 1 | 0 | _aLa regulación por parte de la CNV de las plataformas de financiamiento colectivo |
| 100 | 1 | _aCamerini, Marcelo A. | |
| 773 | 0 |
_tDoctrina Societaria y Concursal _g- N°367 (jun. 2018) _wREV4298 |
|
| 999 |
_c21237 _d21237 |
||